[Event "BCF-chT3 1011 (4NCL)"]
[Site "England"]
[Date "2011.02.20"]
[Round "6.33"]
[White "Furjel, Andrej"]
[Black "Foord, Dominic"]
[Result "1/2-1/2"]
[WhiteElo "2031"]
[BlackElo "2045"]
[PlyCount "107"]
[EventDate "2010.11.06"]
[EventType "team-swiss"]
[EventRounds "9"]
[EventCountry "ENG"]
[SourceTitle "EXT 2012"]
[Source "ChessBase"]
[SourceDate "2011.11.24"]
[SourceVersion "1"]
[SourceVersionDate "2011.11.24"]
[SourceQuality "1"]
[WhiteTeam "Wessex II"]
[BlackTeam "KJCA Kings"]
[WhiteTeamCountry "ENG"]
[BlackTeamCountry "ENG"]

1. Nf3 d5 2. d4 Nf6 3. c4 e6 4. g3 Bb4+ 5. Bd2 Be7 6. Nc3 c6 7. b3 Ne4 8. Bg2 Nxd2 9. Qxd2 f5 10. 0-0 Nd7 11. Rad1 0-0 12. e3 g5 13. Ne5 Nxe5 14. dxe5 Kg7 15. f4 Qa5 16. cxd5 exd5 17. Qc2 Be6 18. Ne2 Rae8 19. Nd4 Bd8 20. fxg5 Bxg5 21. Nxe6+ Rxe6 22. Rxf5 Bxe3+ 23. Kh1 Qc5 24. Qd3 Rxf5 25. Qxf5 Qe7 26. Qg4+ Kh8 27. Rf1 Bh6 28. Re1 Bg7 29. Qf5 h6 30. Bh3 Rf6 31. exf6 Qxe1+ 32. Bf1 Bf8 33. Kg2 Qe4+ 34. Qxe4 dxe4 35. g4 Kh7 36. Bc4 Kg6 37. f7 Kf6 38. a4 Kg5 39. Be6 Kf4 40. Kf2 Ke5 41. Bc8 b6 42. Bd7 Kd5 43. Ke2 Bc5 44. Be8 a6 45. h4 b5 46. axb5 cxb5 47. g5 hxg5 48. hxg5 Kd4 49. Bd7 Be7 50. g6 Bf8 51. Bc8 a5 52. Bd7 b4 53. Be6 Bh6 54. Bd7 1/2-1/2

[Event "BCF-chT3 1011 (4NCL)"]
[Site "England"]
[Date "2011.01.16"]
[Round "4.37"]
[White "Furjel, Andrej"]
[Black "Kane, Robert"]
[Result "1/2-1/2"]
[WhiteElo "2031"]
[BlackElo "1892"]
[PlyCount "44"]
[EventDate "2010.11.06"]
[EventType "team-swiss"]
[EventRounds "9"]
[EventCountry "ENG"]
[SourceTitle "EXT 2012"]
[Source "ChessBase"]
[SourceDate "2011.11.24"]
[SourceVersion "1"]
[SourceVersionDate "2011.11.24"]
[SourceQuality "1"]
[WhiteTeam "Wessex II"]
[BlackTeam "AMCA Hippos"]
[WhiteTeamCountry "ENG"]
[BlackTeamCountry "ENG"]

1. Nf3 Nf6 2. c4 c6 3. b3 d5 4. Bb2 Bf5 5. g3 e6 6. Bg2 Be7 7. 0-0 h6 8. d3 0-0 9. Nbd2 Nbd7 10. h3 Bh7 11. Rc1 a5 12. a3 Qb6 13. Qc2 e5 14. Nxe5 Nxe5 15. Bxe5 Bxa3 16. Rb1 Nd7 17. Bb2 Bxb2 18. Qxb2 Nf6 19. b4 axb4 20. Qxb4 Qxb4 21. Rxb4 Rfe8 22. Bf3 Ra2 1/2-1/2

[Event "SVK-chT2A 0708"]
[Site "Slovakia"]
[Date "2008.03.08"]
[Round "10.8"]
[White "Furjel, Andrej"]
[Black "Michalko, Peter"]
[Result "1-0"]
[WhiteElo "2033"]
[BlackElo "1631"]
[PlyCount "67"]
[EventDate "2007.10.06"]
[EventType "team-tourn"]
[EventRounds "11"]
[EventCountry "SVK"]
[SourceTitle "EXT 2010"]
[Source "ChessBase"]
[SourceDate "2010.11.25"]
[SourceVersion "1"]
[SourceVersionDate "2010.11.25"]
[SourceQuality "1"]
[WhiteTeam "Piestany Kupele"]
[BlackTeam "Bratislava Doprastav IV"]
[WhiteTeamCountry "SVK"]
[BlackTeamCountry "SVK"]

1. Nf3 d5 2. d4 Nf6 3. c4 c6 4. e3 Bg4 5. h3 Bf5 6. Nc3 e6 7. Bd3 Bxd3 8. Qxd3 Bd6 9. 0-0 0-0 10. e4 dxe4 11. Nxe4 Nxe4 12. Qxe4 Nd7 13. Bg5 Nf6 14. Qe3 h6 15. Bf4 b5 16. b3 Bxf4 17. Qxf4 bxc4 18. bxc4 c5 19. dxc5 Qe7 20. c6 Qc5 21. Ne5 Nh5 22. Qe3 Qxe3 23. fxe3 f6 24. Ng6 Rfe8 25. Rfd1 Kh7 26. Nf4 Nxf4 27. exf4 Rac8 28. Rd6 e5 29. Rb1 exf4 30. Rb7 Re1+ 31. Kf2 Rce8 32. Rd2 R1e4 33. c7 Rxc4 34. Rb8 1-0

[Event "SVK-chT2A 0708"]
[Site "Slovakia"]
[Date "2008.01.12"]
[Round "7.7"]
[White "Synak, Jan"]
[Black "Furjel, Andrej"]
[Result "1/2-1/2"]
[WhiteElo "1944"]
[BlackElo "2033"]
[PlyCount "84"]
[EventDate "2007.10.06"]
[EventType "team-tourn"]
[EventRounds "11"]
[EventCountry "SVK"]
[SourceTitle "EXT 2010"]
[Source "ChessBase"]
[SourceDate "2010.11.25"]
[SourceVersion "1"]
[SourceVersionDate "2010.11.25"]
[SourceQuality "1"]
[WhiteTeam "Hlohovec SK Zentiva III"]
[BlackTeam "Piestany Kupele"]
[WhiteTeamCountry "SVK"]
[BlackTeamCountry "SVK"]

1. Nf3 Nf6 2. c4 g6 3. d4 Bg7 4. Nc3 0-0 5. g3 d6 6. Bg2 Nbd7 7. 0-0 e5 8. Qc2 c6 9. Rd1 Qc7 10. b3 Re8 11. dxe5 dxe5 12. Bb2 Nc5 13. e4 Bg4 14. h3 Bxf3 15. Bxf3 Rad8 16. Ne2 Bf8 17. Bg2 Nh5 18. Bc3 f6 19. b4 Ne6 20. Qb3 Qf7 21. a4 g5 22. c5 Nhg7 23. Qc4 Rxd1+ 24. Rxd1 Rd8 25. Rxd8 Nxd8 26. Qxf7+ Kxf7 27. f4 gxf4 28. gxf4 exf4 29. Nxf4 Nde6 30. Nxe6 Nxe6 31. Kf2 a5 32. bxa5 Nxc5 33. Ke3 Nxa4 34. Be1 Bd6 35. Bf3 Nc5 36. Be2 Ke7 37. Bc4 Ne6 38. Bf1 Nc5 39. Bc4 Ne6 40. Bf1 Be5 41. Bb4+ Bd6 42. Be1 Be5 1/2-1/2

[Event "SVK-chT2A 0708"]
[Site "Slovakia"]
[Date "2007.11.04"]
[Round "4.6"]
[White "Peitl, Tomas"]
[Black "Furjel, Andrej"]
[Result "0-1"]
[WhiteElo "2031"]
[BlackElo "2033"]
[PlyCount "232"]
[EventDate "2007.10.06"]
[EventType "team-tourn"]
[EventRounds "11"]
[EventCountry "SVK"]
[SourceTitle "EXT 2010"]
[Source "ChessBase"]
[SourceDate "2010.11.25"]
[SourceVersion "1"]
[SourceVersionDate "2010.11.25"]
[SourceQuality "1"]
[WhiteTeam "Dunajska Streda SK II"]
[BlackTeam "Piestany Kupele"]
[WhiteTeamCountry "SVK"]
[BlackTeamCountry "SVK"]

1. e4 e6 2. d4 d5 3. Nd2 dxe4 4. Nxe4 Be7 5. Nf3 Nf6 6. Bd3 Nbd7 7. c3 c5 8. 0-0 0-0 9. Bf4 cxd4 10. cxd4 Nxe4 11. Bxe4 Nf6 12. Bb1 Bd7 13. Ne5 Bb5 14. Re1 Qd5 15. a4 Bc6 16. Nxc6 Qxc6 17. Qd3 Rac8 18. Be5 g6 19. Ba2 Rfd8 20. h3 Nd5 21. Bb3 a5 22. Rad1 Qb6 23. Rc1 Nb4 24. Qg3 Nc6 25. Re4 Nxe5 26. Rxc8 Rxc8 27. dxe5 Rc1+ 28. Kh2 Bc5 29. Rf4 Bd4 30. Qg5 Rc8 31. Qf6 Rf8 32. Bc2 Qxb2 33. Re4 Bxe5+ 34. Qxe5 Qxc2 35. Rf4 b6 36. g3 Qc5 37. Qb2 Re8 38. h4 Qc6 39. h5 e5 40. Rg4 Qe6 41. Re4 Qf5 42. Rh4 g5 43. Rc4 Qf6 44. Re4 Re6 45. Qe2 Kg7 46. Kg2 Qe7 47. g4 f6 48. Kg3 Qd7 49. Re3 Rd6 50. Qc2 Rd4 51. f3 Qxa4 52. Qc7+ Rd7 53. Qxb6 Qd4 54. Qe6 Rf7 55. Re1 Qd7 56. Qa2 Qc7 57. Re4 Rd7 58. Kg2 Rd6 59. Rc4 Qd8 60. Qb3 Qb6 61. Qc2 Rd7 62. Qf5 Qd6 63. Rc2 a4 64. h6+ Kxh6 65. Kh3 Kg7 66. Ra2 Ra7 67. Qe4 a3 68. Qe3 Ra6 69. Qb3 Rb6 70. Qc2 Rc6 71. Qb3 Ra6 72. Qb7+ Kg6 73. Qb3 Kg7 74. Qb7+ Kh6 75. Qb3 Rb6 76. Qc2 Rb2 77. Rxb2 axb2 78. Qxb2 Qd3 79. Kg3 Qd4 80. Qh2+ Kg7 81. Qc2 Qd6 82. Qe4 Qd4 83. Qb7+ Kh6 84. Qc6 Qf4+ 85. Kg2 e4 86. fxe4 Qxg4+ 87. Kh2 Qf4+ 88. Kg2 g4 89. Qe6 Qf3+ 90. Kg1 g3 91. Qh3+ Kg5 92. e5 Qf2+ 93. Kh1 g2+ 94. Qxg2+ Qxg2+ 95. Kxg2 fxe5 96. Kg3 Kf5 97. Kf3 e4+ 98. Ke3 Ke5 99. Ke2 Kd4 100. Kd2 e3+ 101. Ke2 Ke4 102. Ke1 Kd3 103. Kd1 h5 104. Ke1 e2 105. Kf2 Kd2 106. Kf3 e1Q 107. Kf4 h4 108. Kg4 Qg3+ 109. Kf5 h3 110. Ke6 Qf4 111. Kd5 Qe3 112. Kc4 h2 113. Kd5 h1R 114. Kd6 Rh4 115. Kc6 Rd4 116. Kc5 Qc3+ 0-1

[Event "SVK-chT1W 0607"]
[Site "Slovakia"]
[Date "2007.03.25"]
[Round "11.3"]
[White "Hoffer, Frantisek"]
[Black "Furjel, Andrej"]
[Result "0-1"]
[WhiteElo "1810"]
[BlackElo "2030"]
[PlyCount "92"]
[EventDate "2006.10.07"]
[EventType "team-tourn"]
[EventRounds "11"]
[EventCountry "SVK"]
[SourceTitle "EXT 2008"]
[Source "ChessBase"]
[SourceDate "2007.11.25"]
[SourceVersion "1"]
[SourceVersionDate "2007.11.25"]
[SourceQuality "1"]
[WhiteTeam "Komarno Hoffer II"]
[BlackTeam "Piestany Kupele"]
[WhiteTeamCountry "SVK"]
[BlackTeamCountry "SVK"]

1. e4 c5 2. Nf3 d6 3. d4 cxd4 4. Nxd4 Nf6 5. Nc3 a6 6. Bg5 e6 7. f4 Be7 8. Qf3 Qc7 9. h3 Bd7 10. 0-0-0 Nc6 11. Nb3 Rc8 12. g4 b5 13. a3 Na5 14. Nd4 Nc4 15. Bxc4 Qxc4 16. Qd3 0-0 17. Bxf6 Bxf6 18. g5 Be7 19. Qxc4 Rxc4 20. Nf3 Rfc8 21. Rd3 R4c7 22. Rh2 Bc6 23. Nd4 Bb7 24. Rhd2 Rc4 25. Kb1 g6 26. Re2 Bf8 27. Nb3 R4c7 28. Nd1 d5 29. e5 d4 30. Nxd4 Bd5 31. Rc3 Bc4 32. Rd2 b4 33. Re3 bxa3 34. b3 Bb5 35. c4 Be8 36. Nc2 a5 37. Nf2 a4 38. bxa4 Rxc4 39. Nxa3 Rxa4 40. Nc2 Rb8+ 41. Kc1 Rxf4 42. Ne4 Ba4 43. Nd6 Be7 44. Ne4 Rf1+ 45. Re1 Rxe1+ 46. Nxe1 Ba3+ 0-1

[Event "SVK-chT1W 0607"]
[Site "Slovakia"]
[Date "2006.12.03"]
[Round "6.4"]
[White "Furjel, Andrej"]
[Black "Podoba, Milan"]
[Result "0-1"]
[WhiteElo "2030"]
[BlackElo "2083"]
[PlyCount "92"]
[EventDate "2006.10.07"]
[EventType "team-tourn"]
[EventRounds "11"]
[EventCountry "SVK"]
[SourceTitle "EXT 2008"]
[Source "ChessBase"]
[SourceDate "2007.11.25"]
[SourceVersion "1"]
[SourceVersionDate "2007.11.25"]
[SourceQuality "1"]
[WhiteTeam "Piestany Kupele"]
[BlackTeam "Dubnica nad Vahom II"]
[WhiteTeamCountry "SVK"]
[BlackTeamCountry "SVK"]

1. Nf3 Nf6 2. b3 d5 3. Bb2 Bf5 4. e3 e6 5. h3 Bd6 6. d3 0-0 7. Nbd2 Nbd7 8. Nh4 Bg6 9. Nxg6 hxg6 10. Be2 c5 11. Bf3 Ne5 12. 0-0 Rc8 13. Be2 Qe7 14. c4 Rfd8 15. Qc2 Nc6 16. a3 Bb8 17. g3 Qd6 18. Bxf6 gxf6 19. Rad1 Kg7 20. Kg2 Ne7 21. e4 g5 22. Nf3 Ng6 23. exd5 exd5 24. d4 cxd4 25. Nxd4 Qxa3 26. Nf5+ Kf8 27. Qc3 Be5 28. Qf3 Ne7 29. Nxe7 Qxe7 30. cxd5 Rc3 31. Rd3 Qb4 32. Rfd1 Qxb3 33. Qe4 Rxd3 34. Rxd3 Qb2 35. h4 Bd6 36. Bd1 Bc5 37. Rf3 Qe5 38. Qh7 Rxd5 39. Bb3 Rd7 40. Rd3 Bd4 41. h5 f5 42. Rf3 Qe4 43. Qh6+ Bg7 44. Qxg5 Rd3 45. Bd1 Rxd1 46. h6 Bh8 0-1

[Event "SVK-chT3A2 0607"]
[Site "Slovakia"]
[Date "2006.11.26"]
[Round "4"]
[White "Furjel, Andrej"]
[Black "Skapikova, Lubica"]
[Result "1-0"]
[WhiteElo "2023"]
[BlackElo "2013"]
[PlyCount "70"]
[EventDate "2006.10.08"]
[EventType "team-tourn"]
[EventRounds "11"]
[EventCountry "SVK"]
[SourceTitle "EXT 2008"]
[Source "ChessBase"]
[SourceDate "2007.11.25"]
[SourceVersion "1"]
[SourceVersionDate "2007.11.25"]
[SourceQuality "1"]
[WhiteTeam "Piestany Kupele II"]
[BlackTeam "Senica II"]
[WhiteTeamCountry "SVK"]
[BlackTeamCountry "SVK"]

1. Nf3 c5 2. c4 Nf6 3. Nc3 Nc6 4. d4 cxd4 5. Nxd4 g6 6. e3 Bg7 7. Be2 0-0 8. 0-0 b6 9. b3 Bb7 10. Bb2 d6 11. Bf3 Rc8 12. Qe2 Nxd4 13. exd4 Bxf3 14. Qxf3 Qd7 15. Rfe1 Rfe8 16. d5 Ng4 17. Rad1 Nh6 18. Na4 b5 19. Bxg7 Kxg7 20. Nb2 bxc4 21. Nxc4 Ng4 22. h3 Nf6 23. Re2 Qb5 24. g4 h6 25. h4 Rc5 26. a4 Qd7 27. g5 hxg5 28. hxg5 Nh5 29. Kg2 e6 30. Qg4 f5 31. Qd4+ Kf7 32. dxe6+ Rxe6 33. Rxe6 Rxc4 34. Rf6+ Nxf6 35. Qxf6+ Kg8 1-0

[Event "SVK-chT3A2 0607"]
[Site "Slovakia"]
[Date "2006.10.08"]
[Round "1"]
[White "Hecko, Dusan"]
[Black "Furjel, Andrej"]
[Result "1-0"]
[WhiteElo "2142"]
[BlackElo "2023"]
[PlyCount "143"]
[EventDate "2006.10.08"]
[EventType "team-tourn"]
[EventRounds "11"]
[EventCountry "SVK"]
[SourceTitle "EXT 2008"]
[Source "ChessBase"]
[SourceDate "2007.11.25"]
[SourceVersion "1"]
[SourceVersionDate "2007.11.25"]
[SourceQuality "1"]
[WhiteTeam "Osuske II"]
[BlackTeam "Piestany Kupele II"]
[WhiteTeamCountry "SVK"]
[BlackTeamCountry "SVK"]

1. c4 Nf6 2. Nc3 g6 3. Nf3 Bg7 4. g3 0-0 5. Bg2 d6 6. d3 e5 7. 0-0 Nc6 8. Rb1 a5 9. a3 Bf5 10. b4 axb4 11. axb4 Qd7 12. b5 Nd4 13. Re1 Rfe8 14. Nh4 Bh3 15. Bxb7 Rab8 16. Bh1 Rf8 17. Nf3 Ne6 18. Ng5 Nxg5 19. Bxg5 Be6 20. Bc6 Qc8 21. Qd2 Bd7 22. Bg2 Re8 23. Nd5 Nxd5 24. Bxd5 Be6 25. Bc6 Bd7 26. Bg2 Bh3 27. Bxh3 Qxh3 28. e4 Qe6 29. Be3 f5 30. f3 Ra8 31. Ra1 Rxa1 32. Rxa1 f4 33. Bf2 fxg3 34. Bxg3 Rf8 35. Kg2 h5 36. Ra7 Qf6 37. Qf2 Rf7 38. b6 cxb6 39. Rxf7 Kxf7 40. Qxb6 Qg5 41. Kf1 h4 42. Be1 h3 43. Qc7+ Kg8 44. Qc8+ Bf8 45. Qxh3 Qe3 46. Qg2 Qxd3+ 47. Qe2 Qb3 48. Kg2 Kf7 49. Bf2 Be7 50. Be3 Bf8 51. Kg3 Be7 52. Kg4 Ke6 53. Bg5 Bxg5 54. Kxg5 Kf7 55. f4 exf4 56. Kxf4 Qc3 57. Kg4 Kg7 58. h4 Qe5 59. Qd3 Qe6+ 60. Kg3 Qe5+ 61. Kg2 Qf6 62. Kg3 Qe5+ 63. Kf3 Qf6+ 64. Ke3 Kh6 65. Qd5 Kh7 66. Qd4 Qe6 67. Kd2 Qe7 68. Kd3 Qe6 69. Qf2 Qe7 70. Qf4 Qe6 71. Kd4 Kg7 72. e5 1-0

[Event "SVK-chT1W 0506"]
[Site "Slovakia"]
[Date "2005.??.??"]
[Round "?"]
[White "Furjel, Andrej"]
[Black "Kralovic, Andrej"]
[Result "1/2-1/2"]
[WhiteElo "2015"]
[BlackElo "2075"]
[PlyCount "58"]
[EventDate "2005.10.15"]
[EventType "tourn"]
[EventRounds "11"]
[EventCountry "SVK"]
[SourceTitle "EXT 2008"]
[Source "ChessBase"]
[SourceDate "2007.11.25"]
[SourceVersion "1"]
[SourceVersionDate "2007.11.25"]
[SourceQuality "1"]

1. e4 c6 2. d4 d5 3. e5 Bf5 4. Nf3 e6 5. Be2 Nd7 6. 0-0 Ne7 7. b3 c5 8. Bb2 Nc6 9. Nbd2 Qb6 10. c3 cxd4 11. Nxd4 Nxd4 12. cxd4 0-0-0 13. Nf3 h6 14. Bd3 Bxd3 15. Qxd3 Kb8 16. Rac1 Be7 17. Rc2 Rc8 18. Rfc1 g6 19. g3 h5 20. h4 Rxc2 21. Qxc2 Qd8 22. Kg2 Nb6 23. Qd3 Qd7 24. Rc2 Rc8 25. Bc1 Rxc2 26. Qxc2 Qc7 27. Qxc7+ Kxc7 28. Bg5 Bb4 29. Bd2 Be7 1/2-1/2

[Event "SVK-chT2W 0102"]
[Site "Slovakia"]
[Date "2001.11.18"]
[Round "4.3"]
[White "Furjel, Andrej"]
[Black "Fabry, Robert"]
[Result "0-1"]
[WhiteElo "1863"]
[BlackElo "2199"]
[PlyCount "88"]
[EventDate "2001.10.??"]
[EventType "team-tourn"]
[EventRounds "11"]
[EventCountry "SVK"]
[SourceTitle "EXT 2006"]
[Source "ChessBase"]
[SourceDate "2005.11.24"]
[SourceVersion "1"]
[SourceVersionDate "2005.11.24"]
[SourceQuality "1"]

1. e4 e5 2. Nf3 Nc6 3. Bc4 Nf6 4. Nc3 Nxe4 5. Nd5 Nf6 6. 0-0 Nxd5 7. Bxd5 Be7 8. Re1 0-0 9. Nxe5 Nxe5 10. Rxe5 c6 11. Bf3 d5 12. d4 Bd6 13. Re1 Qc7 14. h3 Bf5 15. b3 Rae8 16. c4 Rxe1+ 17. Qxe1 Qd7 18. cxd5 cxd5 19. Bxd5 Bb8 20. Bf3 Qxd4 21. Be3 Qe5 22. g3 Qb5 23. Kg2 Be6 24. Qe2 Qf5 25. Bg4 Bd5+ 26. Bf3 Rd8 27. Rc1 b6 28. Bxd5 Qxd5+ 29. Qf3 Qxf3+ 30. Kxf3 Kf8 31. Rc2 Ke7 32. Bf4 Bxf4 33. Kxf4 a5 34. Ke5 f6+ 35. Ke4 Ke6 36. Rc6+ Rd6 37. Rxd6+ Kxd6 38. Kd4 Kc6 39. Kc4 b5+ 40. Kd4 Kd6 41. f4 f5 42. a3 g6 43. b4 a4 44. h4 h6 0-1